000 00489nam a2200157 i 4500
001 142918
003 ES-MaACL
005 20230906200648.0
007 t|
008 071010s1933 sp ||||1| spa d
100 1 _aVicente y Gella, Agustín.
_9114376
245 1 4 _aLos títulos de crédito en la doctrina y en el derecho positivo /
_cAgustín Vicente y Gella.
260 _aZaragoza :
_b[s.n.],
_c1933 (
_fTip. la Académica)
300 _a443 p. ;
_c22 cm.
852 _aES-MaACL
_jA-1666
999 _c142918
_d142918